Visualizing American empire : orientalism and imperialism in the Philippines /

Bibliographic Details
Main Author: Brody, David, 1968-
Format: Book
Language:English
Published: Chicago : University of Chicago Press, 2010.
Subjects:

MARC

Tag First Indicator Second Indicator Subfields
LEADER 00000cam a2200000 a 4500
001 in00002602421
005 20151201154924.0
008 091123s2010 iluab b 001 0 eng c
010 |a  2009049567 
015 |a GBB066899  |2 bnb 
016 7 |a 015565983  |2 Uk 
020 |a 9780226075334 (cloth : alk. paper) 
020 |a 9780226075341 (pbk. : alk. paper) 
020 |a 0226075338 (cloth : alk. paper) 
020 |a 0226075346 (pbk. : alk. paper) 
035 |a (OCoLC)ocn457149580 
035 |a (OCoLC)457149580 
040 |a ICU/DLC  |c DLC  |d YDX  |d BTCTA  |d UKM  |d YDXCP  |d UtOrBLW 
042 |a pcc 
043 |a n-us---  |a a-ph--- 
049 |a TXAM 
050 0 0 |a E183.8.P5  |b B76 2010 
082 0 0 |a 327.730599  |2 22 
100 1 |a Brody, David,  |d 1968- 
245 1 0 |a Visualizing American empire :  |b orientalism and imperialism in the Philippines /  |c David Brody. 
264 1 |a Chicago :  |b University of Chicago Press,  |c 2010. 
300 |a xii, 213 pages :  |b illustrations, maps ;  |c 24 cm. 
336 |a text  |b txt  |2 rdacontent 
337 |a unmediated  |b n  |2 rdamedia 
338 |a volume  |b nc  |2 rdacarrier 
504 |a Includes bibliographical references and index. 
505 0 |a Strange travelogues: Charles Longfellow in the Orient -- Domesticating the Orient: Edward Morse, art amateur, and the American interior -- Disseminating empire: representing the Philippine colony -- Mapping empire: cartography and American imperialism in the Philippines -- Celebrating empire: New York City's victory party for naval hero George Dewey -- Building empire: architecture and American imperialism in the Philippines -- Conclusion: Taft decorates the White House. 
651 0 |a United States  |x Relations  |z Philippines. 
651 0 |a Philippines  |x Relations  |z United States. 
650 0 |a Imperialism in art. 
600 1 0 |a Longfellow, Charles Appleton. 
600 1 0 |a Morse, Edward Sylvester,  |d 1838-1925. 
651 0 |a Philippines  |x History  |y Philippine American War, 1899-1902. 
600 1 0 |a Dewey, George,  |d 1837-1917. 
938 |a Baker and Taylor  |b BTCP  |n BK0008597037 
938 |a YBP Library Services  |b YANK  |n 3336423 
947 |a A14839715841 
945 |a PromptCat  |b 64537 
946 |a stk 
994 |a 92  |b TXA 
948 |a Cataloged  |b h  |c 2010/9/6  |d c  |e ibarton 
999 |a MARS 
999 f f |s 6b27ecb4-8cbe-36e6-bc39-0684a6718057  |i c692ac4c-8db8-3ac8-aaba-a98c8e098ba8  |t 0 
952 f f |p normal  |a Texas A&M University  |b College Station  |c Sterling C. Evans Library  |d Evans: Library Stacks  |t 0  |e E183.8.P5 B76 2010  |h Library of Congress classification  |i unmediated -- volume  |m A14839715841 
998 f f |a E183.8.P5 B76 2010  |t 0  |l Evans: Library Stacks